Normal view MARC view
  • SEMBULINGAM, K AND SEMBULINGAM,PREMA

Entry Personal Name

Number of records used in: 4

001 - CONTROL NUMBER

  • control field: 6970

003 - CONTROL NUMBER IDENTIFIER

  • control field: OSt

005 - DATE AND TIME OF LATEST TRANSACTION

  • control field: 20220120124726.0

008 - FIXED-LENGTH DATA ELEMENTS

  • fixed length control field: 220120|| aca||aabn | a|a d

040 ## - CATALOGING SOURCE

  • Original cataloging agency: OSt
  • Transcribing agency: OSt

100 ## - HEADING--PERSONAL NAME

  • Personal name: SEMBULINGAM, K AND SEMBULINGAM,PREMA

670 ## - SOURCE DATA FOUND

  • Source citation: Work cat.: (OSt): SEMBULINGAM, K AND SEMBULINGAM,PREMA, REVIEW OF MEDICAL PHYSIOLOGY, 2019